Normal view
MARC view
Entry Topical Term
001 - CONTROL NUMBER
- control field: 37232
003 - CONTROL NUMBER IDENTIFIER
- control field: dpl
005 - DATE AND TIME OF LATEST TRANSACTION
- control field: 20111220105544.0
008 - FIXED-LENGTH DATA ELEMENTS
- fixed length control field: 111220|||a|||||| | ||| d
040 ## - CATALOGING SOURCE
- Original cataloging agency: dpl
- Transcribing agency: dpl
150 ## - HEADING--TOPICAL TERM
- Topical term or geographic name as entry element: हिन्दी निबंध
670 ## - SOURCE DATA FOUND
- Source citation: Work cat.: (dpl)49983: महात्मा गांधीःसहस्त्राब्द का महानायकः, 2009
670 ## - SOURCE DATA FOUND
- Source citation: Work cat.: (dpl)49983: महात्मा गांधीःसहस्त्राब्द का महानायकः, 2009
